| 000 | 00478nam a2200169 a 4500 | ||
|---|---|---|---|
| 001 | 000011149 | ||
| 005 | 20200929162355.0 | ||
| 008 | 09101401974 dr a 000 0 spa d | ||
| 020 | _a8472322416 | ||
| 040 |
_aDO-SdBNP _bspa _BNPHU |
||
| 082 |
_axxx _bR741a |
||
| 100 | 1 |
_aRojas Abreu, Enrriquillo _926658 |
|
| 245 | 1 | 0 |
_aAprendiz de Dios / _cEnrriquillo Rojas Abreu. |
| 260 |
_aMadrid : _bInstituto de Cultura Hispanica, _c1974. |
||
| 300 |
_a30 p. : ; _c22 cm. |
||
| 049 | _aBNPD | ||
| 999 |
_c10874 _d10874 |
||